Tous les blasons du Calvados - Statistiques

Statistiques générales
  • Ce quiz a été pris 5 fois
  • Le résultat moyen est 80 sur 298
Statistiques - réponses
Par images Réponse % Correct
Caen
100%
Lisieux
100%
Argences
75%
Baron-sur-Odon
75%
Bayeux
75%
Frénouville
75%
Lion-sur-Mer
75%
Luc-sur-Mer
75%
Ablon
50%
Agy
50%
Amfreville
50%
Arganchy
50%
Arromanches-les-Bains
50%
Auquainville
50%
Bavent
50%
Bellengreville
50%
Blangy-le-Château
50%
Boissey
50%
Bourguébus
50%
Bretteville-le-Rabet
50%
Bretteville-l'Orgueilleuse
50%
Bretteville-sur-Laize
50%
Bretteville-sur-Odon
50%
Cabourg
50%
Cagny
50%
Colleville-Montgomery
50%
Colombelles
50%
Deauville
50%
Démouville
50%
Dives-sur-Mer
50%
Douvres-la-Délivrande
50%
Évrecy
50%
Falaise
50%
Fontaine-Henry
50%
Fontaine-le-Pin
50%
Fontenay-le-Marmion
50%
Fresné-la-Mère
50%
Giberville
50%
Grandcamp-Maisy
50%
Grimbosq
50%
Hérouville-Saint-Clair
50%
Honfleur
50%
Hotot-en-Auge
50%
Ifs
50%
Isigny-sur-Mer
50%
Le Mesnil-Durand
50%
Le Mesnil-Mauger
50%
Le Mesnil-Robert
50%
Le Molay-Littry
50%
Le Pin
50%
Les Moutiers-en-Cinglais
50%
Les Moutiers-Hubert
50%
Livarot
50%
Louvigny
50%
Maisons
50%
Merville-Franceville-Plage
50%
Mondeville
50%
Moult
50%
Olendon
50%
Orbec
50%
Ouilly-le-Vicomte
50%
Ouistreham
50%
Pennedepie
50%
Petiville
50%
Pierrepont
50%
Pont-d'Ouilly
50%
Pont-Farcy
50%
Pont-l'Évêque
50%
Préaux-Saint-Sébastien
50%
Saint-André-sur-Orne
50%
Saint-Contest
50%
Saint-Désir
50%
Saint-Germain-de-Montgommery
50%
Saint-Loup-Hors
50%
Saint-Martin-aux-Chartrains
50%
Saint-Martin-de-Bienfaite-la-Cressonnière
50%
Saint-Martin-de-la-Lieue
50%
Saint-Martin-de-Mailloc
50%
Saint-Martin-des-Entrées
50%
Saint-Martin-Don
50%
Saint-Pierre-Canivet
50%
Saint-Pierre-de-Mailloc
50%
Saint-Pierre-du-Fresne
50%
Saint-Pierre-en-Auge
50%
Thaon
50%
Tierceville
50%
Touffréville
50%
Tour-en-Bessin
50%
Tourville-sur-Odon
50%
Vassy
50%
Vaudry
50%
Verson
50%
Ver-sur-Mer
50%
Vieux-Bourg
50%
Villers-Bocage
50%
Villers-Canivet
50%
Villers-sur-Mer
50%
Vire Normandie
50%
Acqueville
25%
Airan
25%
Anguerny
25%
Anisy
25%
Aubigny
25%
Audrieu
25%
Authie
25%
Avenay
25%
Balleroy
25%
Banneville-sur-Ajon
25%
Banville
25%
Barbery
25%
Beaumais
25%
Benerville-sur-Mer
25%
Bénouville
25%
Beuvron-en-Auge
25%
Bieville-Beuville
25%
Blainville-sur-Orne
25%
Blonville-sur-Mer
25%
Bonneville-la-Louvet
25%
Bonneville-sur-Touques
25%
Bougy
25%
Boulon
25%
Cahagnes
25%
Cairon
25%
Campagnolles
25%
Caumont-l'Éventé
25%
Cauville
25%
Cesny-aux-Vignes
25%
Clarbec
25%
Cléville
25%
Colombières
25%
Cormelles-le-Royal
25%
Cormolain
25%
Courcy
25%
Courseulles-sur-Mer
25%
Courtonne-la-Meurdrac
25%
Courvaudon
25%
Creully
25%
Crèvecœur-en-Auge
25%
Cristot
25%
Cuverville
25%
Dozulé
25%
Ellon
25%
Englesqueville-en-Auge
25%
Épron
25%
Esquay-Notre-Dame
25%
Esquay-sur-Seulles
25%
Fauguernon
25%
Gonneville-sur-Honfleur
25%
Goustranville
25%
Graye-sur-Mer
25%
Heuland
25%
Houlgate
25%
Janville
25%
La Bigne
25%
La Rivière-Saint-Sauveur
25%
La Vespière
25%
Le Détroit
25%
Le Manoir
25%
Les Authieux-sur-Calonne
25%
Magny-le-Freule
25%
Mathieu
25%
May-sur-Orne
25%
Mézidon-Canon
25%
Mondrainville
25%
Morteaux-Coulibœuf
25%
Mouen
25%
Noron-la-Poterie
25%
Ouézy
25%
Périers-sur-le-Dan
25%
Port-en-Bessin-Huppain
25%
Putot-en-Auge
25%
Ranville
25%
Reviers
25%
Rocques
25%
Rosel
25%
Russy
25%
Ryes
25%
Saint-Aubin-d'Arquenay
25%
Saint-Aubin-des-Bois
25%
Saint-Aubin-sur-Mer
25%
Saint-Denis-de-Mailloc
25%
Saint-Denis-de-Méré
25%
Sainte-Croix-sur-Mer
25%
Sainte-Foy-de-Montgommery
25%
Sainte-Honorine-du-Fay
25%
Sainte-Marie-Outre-l'Eau
25%
Saint-Jean-le-Blanc
25%
Saint-Julien-le-Faucon
25%
Saint-Laurent-du-Mont
25%
Saint-Ouen-du-Mesnil-Oger
25%
Saint-Samson
25%
Saint-Vaast-en-Auge
25%
Saint-Vigor-le-Grand
25%
Sallenelles
25%
Sannerville
25%
Sassy
25%
Soulangy
25%
Thury-Harcourt
25%
Tilly-sur-Seulles
25%
Touques
25%
Trévières
25%
Troarn
25%
Trouville-sur-Mer
25%
Ussy
25%
Vaux-sur-Aure
25%
Versainville
25%
Vignats
25%
Villerville
25%
Villiers-le-Sec
25%
Vimont
25%
Amayé-sur-Orne
0%
Amayé-sur-Seulles
0%
Anctoville
0%
Annebault
0%
Asnelles
0%
Auberville
0%
Aunay-sur-Odon
0%
Auvillars
0%
Basly
0%
Basseneville
0%
Bazenville
0%
Beaufour-Druval
0%
Beaumont-en-Auge
0%
Bény-sur-Mer
0%
Bernesq
0%
Bernières-d'Ailly
0%
Bernières-sur-Mer
0%
Beuvillers
0%
Bissières
0%
Blay
0%
Bonnebosq
0%
Bons-Tassilly
0%
Bourgeauville
0%
Bréville-les-Monts
0%
Brouay
0%
Brucourt
0%
Bucéels
0%
Cambremer
0%
Campigny
0%
Cheux
0%
Colombiers-sur-Seulles
0%
Commes
0%
Condé-sur-Noireau
0%
Coquainvilliers
0%
Cottun
0%
Crépon
0%
Crouay
0%
Culey-le-Patry
0%
Curcy-sur-Orne
0%
Épinay-sur-Odon
0%
Équemauville
0%
Escoville
0%
Étréham
0%
Fierville-les-Parcs
0%
Grainville-sur-Odon
0%
Hermanville-sur-Mer
0%
La Cambe
0%
Langrune-sur-Mer
0%
Lantheuil
0%
Le Breuil-en-Auge
0%
Le Breuil-en-Bessin
0%
Le Fournet
0%
Le Plessis-Grimoult
0%
Le Torquesne
0%
Le Tronquay
0%
Longues-sur-Mer
0%
Maizet
0%
Manvieux
0%
Marolles
0%
Martainville
0%
Méry-Bissières-en-Auge
0%
Méry-Corbon
0%
Meuvaines
0%
Missy
0%
Montchamp
0%
Parfouru-sur-Odon
0%
Potigny
0%
Rots
0%
Saint-Arnoult
0%
Saint-Charles-de-Percy
0%
Saint-Côme-de-Fresné
0%
Saint-Cyr-du-Ronceray
0%
Saint-Gatien-des-Bois
0%
Saint-Léger-Dubosq
0%
Saint-Rémy-sur-l'Orne
0%
Saint-Sever-Calvados
0%
Saint-Sylvain
0%
Sept-Frères
0%
Soignolles
0%
Sommervieu
0%
Tordouet
0%
Tourgéville
0%
Tracy-sur-Mer
0%
Trungy
0%
Valsemé
0%
Varaville
0%
Vienne-en-Bessin
0%
Vierville-sur-Mer
0%
Aucun quiz correspondant
Distribution des résultats
% des personnes avec chaque résultat
Percentile par nombre de réponses
Votre historique - résultats
Vous n’avez pas pris ce quiz